000 00364nam a2200145Ia 4500
008 230917s9999||||xx |||||||||||||| ||und||
040 _e123646
_aMAIN
041 _aEnglish
082 _a338.4791 S25B
100 _aSwarbrooke, John
245 0 _aBusiness travel and tourism
260 _aOxford
_bButterworth Heinemann
_c2002
300 _a352 p.
942 _cBK
999 _c145675
_d145675